[Event "N1 Reykjavik Open 2014"]
[Site "Reykjavik ISL"]
[Date "2014.03.09"]
[Round "7.14"]
[White "Ezat, Mohamed"]
[Black "Krush, Irina"]
[Result "1-0"]
[WhiteTitle "IM"]
[BlackTitle "GM"]
[WhiteElo "2439"]
[BlackElo "2490"]
[WhiteFideId "10600906"]
[BlackFideId "2012782"]
[EventDate "2014.03.04"]

1. d4 g6 2. c4 Bg7 3. e4 d6 4. Nc3 e5 5. dxe5 dxe5 6. Qxd8+ Kxd8 7. f4 Be6 8.
Nf3 Nd7 9. Be2 exf4 10. Bxf4 Bxc3+ 11. bxc3 Ngf6 12. Ng5 Re8 13. O-O Kc8 14. e5
Bf5 15. exf6 Rxe2 16. Rae1 Rxe1 17. Rxe1 Nxf6 18. Re7 Bd7 19. Rxf7 Ne8 20. Nxh7
a5 21. Nf8 Ba4 22. Nxg6 Ra6 23. Ne7+ Kb8 24. Nd5 Rc6 25. Rf8 Rxc4 26. Nb6 1-0

[Event "N1 Reykjavik Open 2014"]
[Site "Reykjavik ISL"]
[Date "2014.03.09"]
[Round "7.16"]
[White "Elsness, Frode"]
[Black "Gullaksen, Eirik"]
[Result "1-0"]
[WhiteTitle "IM"]
[BlackTitle "IM"]
[WhiteElo "2479"]
[BlackElo "2359"]
[WhiteFideId "1501100"]
[BlackFideId "1500945"]
[EventDate "2014.03.04"]

1. d4 Nf6 2. c4 g6 3. Nc3 Bg7 4. e4 O-O 5. Be3 d6 6. f3 a6 7. Qd2 Nc6 8. Nge2
Rb8 9. Rc1 Bd7 10. b3 Re8 11. d5 Ne5 12. h3 Bc8 13. f4 Ned7 14. g4 e6 15. Bg2
Qe7 16. Ng3 exd5 17. cxd5 Nc5 18. Bxc5 dxc5 19. O-O Nxg4 20. hxg4 Bd4+ 21. Kh2
Bxg4 22. Bh3 Qh4 23. Qg2 f5 24. e5 Rxe5 25. fxe5 Bxe5 26. Rf3 Re8 27. Ne2 Bd6
28. Ng1 h5 29. Rcf1 g5 30. Kh1 f4 31. N3e2 Kg7 32. Qh2 Rh8 33. Bg2 Qxh2+ 34.
Kxh2 Bxf3 35. Nxf3 g4 36. Nc3 Re8 37. Kg1 Re3 38. Nd1 Re2 39. Ng5 f3 40. Nxf3
gxf3 41. Bxf3 Rxa2 42. Bxh5 Bh2+ 43. Kh1 Be5 44. Rf5 Bd6 45. Ne3 Kg8 46. Ng4
Ra1+ 47. Kg2 Re1 48. Rf7 Re7 49. Nh6+ Kh8 50. Bg4 b5 51. Bc8 a5 52. Bd7 c4 53.
bxc4 bxc4 54. Rxe7 Bxe7 55. Nf5 Bf6 56. Kf3 Kg8 57. Ke4 Kf7 58. Bb5 c3 59. Ba4
Bh8 60. Nd4 Ke7 61. Nb5 Kd8 62. Kd3 Kc8 63. Nxc3 Kb7 64. Bc6+ Kc8 65. Kc4 Be5
66. Na4 Bg3 67. Kb5 Be1 68. Nc5 Bf2 69. Nb7 a4 70. Kxa4 Kb8 71. Kb5 Ka7 72. Nc5
Bg3 73. Bd7 Bh2 74. Kc6 Bg3 75. Bg4 Bh2 76. Be2 Kb8 77. Na6+ Kc8 78. Bg4+ Kd8
79. Nc5 1-0

[Event "N1 Reykjavik Open 2014"]
[Site "Reykjavik ISL"]
[Date "2014.03.09"]
[Round "7.17"]
[White "L'Ami, Alina"]
[Black "Shoker, Samy"]
[Result "0-1"]
[WhiteTitle "WGM"]
[BlackTitle "IM"]
[WhiteElo "2398"]
[BlackElo "2466"]
[WhiteFideId "1210246"]
[BlackFideId "627143"]
[EventDate "2014.03.04"]

1. d4 d6 2. c4 Nf6 3. Nc3 g6 4. e4 Bg7 5. h3 O-O 6. Bg5 c5 7. d5 b5 8. cxb5 a6
9. a4 Qa5 10. Bd2 Qb4 11. Bd3 c4 12. Bc2 Nfd7 13. Nge2 Nc5 14. a5 Nd3+ 15. Kf1
f5 16. Ra4 Qxb2 17. Ra2 Qb4 18. Ra4 Qc5 19. Be3 Qc7 20. b6 Qb7 21. Bxd3 cxd3 22.
Qxd3 Nd7 23. Bd4 fxe4 24. Qxe4 Ne5 25. g4 Bd7 26. Ra2 Rac8 27. Kg2 e6 28. f4
exd5 29. Nxd5 Bc6 30. Nec3 Rxf4 31. Qxf4 Bxd5+ 32. Nxd5 Qxd5+ 33. Kg3 Qxa2 34.
Qe4 Qb3+ 35. Kg2 d5 36. Qf4 Rf8 0-1

[Event "N1 Reykjavik Open 2014"]
[Site "Reykjavik ISL"]
[Date "2014.03.09"]
[Round "7.20"]
[White "Grandelius, Nils"]
[Black "Vojinovic, Jovana"]
[Result "1/2-1/2"]
[WhiteTitle "GM"]
[BlackTitle "WGM"]
[WhiteElo "2600"]
[BlackElo "2323"]
[WhiteFideId "1710400"]
[BlackFideId "937266"]
[EventDate "2014.03.04"]

1. e4 e6 2. d4 d5 3. Nc3 Bb4 4. e5 c5 5. a3 Bxc3+ 6. bxc3 Qa5 7. Bd2 Qa4 8. Qb1
c4 9. h4 Nc6 10. h5 h6 11. Nf3 Nge7 12. g3 Bd7 13. Bh3 O-O-O 14. Nh4 Kb8 15. O-O
Rdg8 16. Qc1 Nc8 17. Kh2 Nb6 18. Ng2 Qa5 19. Ne3 Na4 20. f4 g6 21. Ng4 Bc8 22.
Nf6 Rd8 23. Rf3 a6 24. Kg2 Qc7 25. f5 g5 26. fxe6 fxe6 27. Ng4 Rdf8 28. Qf1 Rf5
29. Ne3 Rxf3 30. Qxf3 Qe7 31. Qf6 Qxf6 32. exf6 Nd8 33. Re1 Nf7 34. Ng4 Kc7 35.
Kf3 Rh7 36. Ne5 Nxe5+ 37. dxe5 Nc5 38. Kg4 Bd7 39. Be3 Kc6 40. Rb1 Be8 41. Bg2
b5 42. Rh1 Nd7 43. Bd4 1/2-1/2

[Event "N1 Reykjavik Open 2014"]
[Site "Reykjavik ISL"]
[Date "2014.03.10"]
[Round "8.1"]
[White "Amin, Bassem"]
[Black "Li, Chao b"]
[Result "0-1"]
[WhiteTitle "GM"]
[BlackTitle "GM"]
[WhiteElo "2657"]
[BlackElo "2700"]
[WhiteFideId "10601457"]
[BlackFideId "8604436"]
[EventDate "2014.03.04"]

1. Nf3 Nf6 2. g3 g6 3. b3 Bg7 4. Bb2 c5 5. c4 d6 6. Bg2 e5 7. O-O O-O 8. d3 Nc6
9. Nc3 h6 10. Ne1 Be6 11. Nd5 Qd7 12. Nc2 Bh3 13. Nxf6+ Bxf6 14. Qd2 Bxg2 15.
Kxg2 Bg7 16. b4 b6 17. e4 f5 18. f3 f4 19. g4 Bf6 20. Bc3 h5 21. h3 Kf7 22. b5
Ne7 23. Qf2 Rh8 24. Rh1 Rh7 25. a4 Rah8 26. Rag1 Rh6 27. a5 R8h7 28. Be1 Qc8 29.
a6 hxg4 30. hxg4 Qh8 31. Rxh6 Rxh6 32. Kf1 Rh2 33. Qg2 d5 34. cxd5 Rxg2 35. Kxg2
Nxd5 36. exd5 Qd8 0-1

[Event "N1 Reykjavik Open 2014"]
[Site "Reykjavik ISL"]
[Date "2014.03.10"]
[Round "8.3"]
[White "Shoker, Samy"]
[Black "Rapport, Richard"]
[Result "0-1"]
[WhiteTitle "IM"]
[BlackTitle "GM"]
[WhiteElo "2466"]
[BlackElo "2681"]
[WhiteFideId "627143"]
[BlackFideId "738590"]
[EventDate "2014.03.04"]

1. c4 f5 2. g3 Nf6 3. Bg2 d6 4. Nc3 e5 5. d3 Be7 6. Nf3 O-O 7. O-O Qe8 8. b4 a5
9. bxa5 Nc6 10. Bd2 Bd8 11. e3 Kh8 12. Rb1 Rxa5 13. d4 Ra8 14. Bc1 Na5 15. Nd2
exd4 16. exd4 f4 17. c5 fxg3 18. hxg3 Bg4 19. Qe1 Qg6 20. Nf3 Nd7 21. Nh2 Bf5
22. Rb2 dxc5 23. Nd5 cxd4 24. Bd2 Nc4 25. Rxb7 Rxa2 26. Bb4 c5 27. Rxd7 Bxd7 28.
Bxc5 Re8 29. Qb4 Ra4 30. Qb7 Bc6 31. Nf4 Bxb7 32. Nxg6+ hxg6 33. Bxb7 Na5 34.
Bg2 Rc4 35. Bd6 Bc7 36. Bxc7 Rxc7 37. Rd1 Nb3 38. Nf3 Rec8 39. Rd3 Rc3 40. Rxd4
Nxd4 41. Nxd4 Rd3 42. Nf3 Rd1+ 43. Bf1 Rcc1 44. Nh2 g5 45. Kg2 g4 46. Kg1 Kg8
47. Kg2 Kf8 48. Kg1 Ke7 49. Kg2 Kd6 50. Kg1 Kc5 51. Kg2 Kb4 52. Kg1 Kc3 53. Kg2
Kd2 54. Kg1 Rxf1+ 0-1

[Event "N1 Reykjavik Open 2014"]
[Site "Reykjavik ISL"]
[Date "2014.03.10"]
[Round "8.4"]
[White "Kobalia, Mikhail"]
[Black "Ezat, Mohamed"]
[Result "1/2-1/2"]
[WhiteTitle "GM"]
[BlackTitle "IM"]
[WhiteElo "2646"]
[BlackElo "2439"]
[WhiteFideId "4119150"]
[BlackFideId "10600906"]
[EventDate "2014.03.04"]

1. e4 c6 2. d4 d5 3. Nc3 dxe4 4. Nxe4 Bf5 5. Ng3 Bg6 6. h4 h6 7. Nf3 Nd7 8. h5
Bh7 9. Bd3 Bxd3 10. Qxd3 e6 11. Bd2 Ngf6 12. O-O-O Be7 13. Ne4 Nxe4 14. Qxe4 Nf6
15. Qe2 Qd5 16. c4 Qe4 17. Rde1 Qxe2 18. Rxe2 O-O 19. Ne5 Rfd8 20. Be3 Rac8 21.
g4 c5 22. dxc5 Bxc5 23. Bxc5 Rxc5 24. b4 Rcc8 25. Rd1 Nd5 1/2-1/2

[Event "N1 Reykjavik Open 2014"]
[Site "Reykjavik ISL"]
[Date "2014.03.10"]
[Round "8.5"]
[White "L'Ami, Erwin"]
[Black "Elsness, Frode"]
[Result "1/2-1/2"]
[WhiteTitle "GM"]
[BlackTitle "IM"]
[WhiteElo "2646"]
[BlackElo "2479"]
[WhiteFideId "1007998"]
[BlackFideId "1501100"]
[EventDate "2014.03.04"]

1. d4 d5 2. c4 c6 3. Nc3 Nf6 4. Nf3 a6 5. e3 b5 6. b3 Bg4 7. Bd2 e6 8. h3 Bxf3
9. Qxf3 Bb4 10. Bd3 Qa5 11. Rc1 Bxc3 12. Rxc3 Qxa2 13. Qd1 O-O 14. cxd5 exd5 15.
O-O Qa3 16. Qe1 a5 17. Qa1 Qd6 18. Rc2 a4 19. Ra2 a3 20. Qe1 Na6 21. Ba5 Rfb8
22. b4 Qd7 23. Rxa3 Ne8 24. Qc3 Nd6 25. Rfa1 Nc4 26. R3a2 Qd6 27. e4 dxe4 28.
Bxe4 Re8 29. Bd3 Qd5 30. Rc2 Reb8 31. Bf1 h6 32. Bxc4 bxc4 33. Rb1 Rb5 34. Qxc4
Rab8 35. Rd1 Nxb4 36. Bxb4 Rxb4 37. Qxc6 Rd8 38. Qxd5 Rxd5 39. Rcd2 h5 40. h4
Kh7 41. f3 Kg6 42. Kf2 Kf5 43. Ke3 f6 44. Rc1 g5 45. hxg5 fxg5 46. Rc8 Rb3+ 47.
Rd3 Rb2 48. g4+ hxg4 49. Rf8+ Ke6 50. fxg4 Rg2 51. Kf3 Rg1 52. Re3+ Kd7 53. Rf7+
Kd6 54. Rf6+ Kd7 55. Ke4 Ra5 56. d5 Rxg4+ 57. Ke5 Rf4 58. Rd6+ Ke7 59. Re6+ Kf7
60. Rh3 Rf1 61. Rh7+ Kg8 62. Rd7 Rf7 63. Rg6+ Kh7 64. Rdd6 Rf1 65. Rxg5 Ra8 66.
Rd7+ Kh6 67. Rg4 Re1+ 68. Kd6 Ra6+ 69. Kc5 Ra5+ 70. Kb6 Rea1 71. Rd8 Ra6+ 72.
Kc7 Ra7+ 73. Kc8 Ra8+ 74. Kd7 Rxd8+ 75. Kxd8 Rd1 76. d6 1/2-1/2

[Event "N1 Reykjavik Open 2014"]
[Site "Reykjavik ISL"]
[Date "2014.03.10"]
[Round "8.6"]
[White "Cawdery, Daniel"]
[Black "Van Kampen, Robin"]
[Result "0-1"]
[WhiteTitle "FM"]
[BlackTitle "GM"]
[WhiteElo "2362"]
[BlackElo "2603"]
[WhiteFideId "14300249"]
[BlackFideId "1020854"]
[EventDate "2014.03.04"]

1. e4 c5 2. Nf3 d6 3. d4 Nf6 4. Nc3 cxd4 5. Qxd4 Bd7 6. Bg5 Nc6 7. Qd2 h6 8. Be3
e6 9. h3 Be7 10. g4 Rc8 11. Bd3 a6 12. O-O Qa5 13. a3 g5 14. Ne2 Qxd2 15. Bxd2
h5 16. Bxg5 hxg4 17. hxg4 Nxg4 18. Ng3 Nh2 19. Nxh2 Bxg5 20. Nf3 Bf6 21. c3 Ne7
22. Nh2 Ng6 23. Ng4 0-1

[Event "N1 Reykjavik Open 2014"]
[Site "Reykjavik ISL"]
[Date "2014.03.10"]
[Round "8.8"]
[White "Browne, Walter S."]
[Black "Olafsson, Helgi"]
[Result "0-1"]
[WhiteTitle "GM"]
[BlackTitle "GM"]
[WhiteElo "2444"]
[BlackElo "2546"]
[WhiteFideId "2000210"]
[BlackFideId "2300010"]
[EventDate "2014.03.04"]

1. e4 e5 2. Nf3 Nc6 3. Bb5 a6 4. Ba4 Nf6 5. d3 d6 6. c3 g6 7. O-O Bg7 8. Re1 O-O
9. Nbd2 Bd7 10. Nf1 b5 11. Bb3 Na5 12. Bc2 c5 13. Ne3 Re8 14. Bd2 Rc8 15. a4 c4
16. axb5 axb5 17. d4 Nb3 18. Ra6 exd4 19. Nxd4 Nc5 20. Rxd6 Nfxe4 21. Bxe4 Nxe4
22. Rd5 Nc5 23. Nxb5 Nd3 24. Rf1 Nf4 25. Rd4 Bxd4 26. Nxd4 Bc6 27. Ng4 Nd3 28.
b4 h5 29. Ne3 Be4 30. f3 Ba8 31. Qa1 Nf4 32. Qa5 Ne2+ 33. Kf2 Nxd4 34. cxd4 Qh4+
35. g3 Qxh2+ 36. Ng2 Re2+ 37. Kxe2 Qxg2+ 38. Rf2 Bxf3+ 0-1

[Event "N1 Reykjavik Open 2014"]
[Site "Reykjavik ISL"]
[Date "2014.03.10"]
[Round "8.9"]
[White "Rozentalis, Eduardas"]
[Black "Ptacnikova, Lenka"]
[Result "1-0"]
[WhiteTitle "GM"]
[BlackTitle "WGM"]
[WhiteElo "2623"]
[BlackElo "2239"]
[WhiteFideId "12800023"]
[BlackFideId "305650"]
[EventDate "2014.03.04"]

1. e4 d5 2. exd5 Qxd5 3. Nc3 Qd6 4. d4 Nf6 5. Nf3 g6 6. Bg5 Bg7 7. Qd2 Nd5 8.
Nxd5 Qxd5 9. Be2 Nc6 10. c3 Bf5 11. O-O O-O 12. Rfe1 e5 13. c4 Qd6 14. d5 Nb8
15. Bh6 a5 16. Bxg7 Kxg7 17. c5 Qxc5 18. Nxe5 Qb4 19. Qc1 c6 20. Bf3 Rc8 21. d6
Qxd6 22. Nc4 Qc7 23. Qc3+ Kg8 24. Rad1 Rd8 25. Nd6 Nd7 26. Nxf5 gxf5 27. Re7 1-0

[Event "N1 Reykjavik Open 2014"]
[Site "Reykjavik ISL"]
[Date "2014.03.10"]
[Round "8.12"]
[White "Tania, Sachdev"]
[Black "Ramirez, Alejandro"]
[Result "0-1"]
[WhiteTitle "IM"]
[BlackTitle "GM"]
[WhiteElo "2423"]
[BlackElo "2599"]
[WhiteFideId "5007844"]
[BlackFideId "6500617"]
[EventDate "2014.03.04"]

1. d4 d5 2. c4 c6 3. Nf3 Nf6 4. Nc3 e6 5. g3 dxc4 6. Bg2 b5 7. Ne5 a6 8. a4 Bb7
9. O-O Qc8 10. b3 b4 11. Ne4 Nxe4 12. Bxe4 c3 13. Nc4 Nd7 14. a5 Be7 15. Bf4 Qd8
16. Bg2 Nf6 17. Qc2 Nd5 18. Bc1 c5 19. e4 Nc7 20. d5 Nb5 21. Be3 O-O 22. Rfd1
exd5 23. exd5 Bd6 24. Be4 g6 25. Bg2 Re8 26. Re1 Qf6 27. Red1 Rad8 28. h4 Nd4
29. Qd3 Nxb3 30. Rab1 Nd4 31. Nxd6 Qxd6 32. Bxd4 cxd4 33. Qc4 Bxd5 34. Bxd5 Qxd5
35. Rxb4 Qxa5 0-1

[Event "N1 Reykjavik Open 2014"]
[Site "Reykjavik ISL"]
[Date "2014.03.10"]
[Round "8.13"]
[White "Karavade, Eesha"]
[Black "Stefansson, Hannes"]
[Result "1/2-1/2"]
[WhiteTitle "IM"]
[BlackTitle "GM"]
[WhiteElo "2408"]
[BlackElo "2541"]
[WhiteFideId "5012600"]
[BlackFideId "2300087"]
[EventDate "2014.03.04"]

1. d4 Nf6 2. c4 e6 3. Nc3 Bb4 4. e3 O-O 5. Bd3 d5 6. Nf3 c5 7. O-O Nc6 8. a3
Bxc3 9. bxc3 Qc7 10. Bb2 dxc4 11. Bxc4 e5 12. h3 Bf5 13. Qe2 Bg6 14. Bb5 e4 15.
Bxc6 Qxc6 16. Ne5 Qc7 17. c4 cxd4 18. exd4 Rfe8 19. Rac1 Nd7 20. Nxd7 Qxd7 21.
Rfd1 Rac8 22. Qe3 b6 23. d5 f6 24. c5 bxc5 1/2-1/2

[Event "N1 Reykjavik Open 2014"]
[Site "Reykjavik ISL"]
[Date "2014.03.10"]
[Round "8.14"]
[White "Molner, Mackenzie"]
[Black "Aravindh, Chithambaram VR."]
[Result "1/2-1/2"]
[WhiteTitle "GM"]
[BlackTitle "FM"]
[WhiteElo "2528"]
[BlackElo "2395"]
[WhiteFideId "2021722"]
[BlackFideId "5072786"]
[EventDate "2014.03.04"]

1. d4 Nf6 2. c4 e6 3. Nc3 d5 4. Nf3 Be7 5. Bf4 O-O 6. Rc1 Nbd7 7. cxd5 exd5 8.
e3 c6 9. h3 Re8 10. Bd3 Nf8 11. O-O Ng6 12. Bh2 Bd6 13. Bxd6 Qxd6 14. Qc2 Bd7
15. b4 b6 16. b5 c5 17. dxc5 bxc5 18. Rfd1 Rac8 19. Nxd5 Nxd5 20. Bc4 Be6 21. e4
Qf4 22. Bxd5 Bxh3 23. Ne1 Be6 24. Bc6 Re7 25. Nd3 Qf6 26. Nxc5 Nf4 27. Qd2 h5
28. Nxe6 fxe6 29. g3 Ng6 30. f4 h4 31. e5 Qf7 32. Kg2 hxg3 33. Kxg3 Rf8 34. Rf1
Rc7 35. Be4 Rxc1 36. Qxc1 Nxe5 37. Rh1 Ng6 38. Qe3 Qf6 39. Rh2 Rf7 40. Rh1 Rf8 1/2-1/2

[Event "N1 Reykjavik Open 2014"]
[Site "Reykjavik ISL"]
[Date "2014.03.10"]
[Round "8.16"]
[White "Bagi, Mate"]
[Black "Danielsen, Henrik"]
[Result "1/2-1/2"]
[WhiteTitle "FM"]
[BlackTitle "GM"]
[WhiteElo "2385"]
[BlackElo "2501"]
[WhiteFideId "742570"]
[BlackFideId "1400185"]
[EventDate "2014.03.04"]

1. e4 d5 2. exd5 Qxd5 3. Nc3 Qd8 4. d4 Nf6 5. Nf3 Bg4 6. h3 Bxf3 7. Qxf3 c6 8.
Be3 e6 9. Bc4 Nbd7 10. O-O Bd6 11. Bb3 O-O 12. Ne4 Nxe4 13. Qxe4 Nf6 14. Qf3 Nd5
15. Bd2 Qf6 16. Qxf6 Nxf6 17. Rfe1 a5 18. a4 Rfe8 19. c4 Nd7 20. Be3 Bb4 21.
Red1 Rad8 22. Bc2 Nb6 23. b3 Nc8 24. Be4 Nd6 25. Bf3 Nf5 26. g4 Nh4 27. Bh1 Ng6
28. d5 cxd5 29. cxd5 e5 30. d6 Rd7 31. Be4 Nf4 32. Bxf4 exf4 33. Bf3 Red8 34.
Rac1 b6 35. Rc6 Bc5 36. Kg2 g6 37. Be2 Rxd6 38. Rdxd6 Rxd6 39. Rxd6 Bxd6 40. Bc4
Kg7 41. f3 Be7 42. Bd5 Bh4 43. Bc4 Kf8 44. Bd5 Ke7 45. Bc4 f6 46. Bd5 Bg3 47.
Bc4 Kd6 48. Bg8 h6 49. Bf7 g5 50. Kf1 Kc5 51. Bc4 Kd4 52. Ke2 Kc3 53. Be6 Bh2
54. Bc4 Bg1 55. Be6 Be3 56. Bc4 Kc2 1/2-1/2

[Event "N1 Reykjavik Open 2014"]
[Site "Reykjavik ISL"]
[Date "2014.03.10"]
[Round "8.17"]
[White "Abrahamyan, Tatev"]
[Black "Idani, Pouya"]
[Result "1-0"]
[WhiteTitle "WGM"]
[BlackTitle "IM"]
[WhiteElo "2376"]
[BlackElo "2496"]
[WhiteFideId "13301918"]
[BlackFideId "12510130"]
[EventDate "2014.03.04"]

1. e4 c5 2. Nf3 d6 3. d4 cxd4 4. Nxd4 Nf6 5. Nc3 a6 6. Be3 e5 7. Nb3 Be6 8. f3
h5 9. Qd2 Nbd7 10. O-O-O Rc8 11. Kb1 Be7 12. h3 h4 13. Bd3 b5 14. f4 Qc7 15.
Rhe1 Bc4 16. a3 Rb8 17. Na2 Bd8 18. Nb4 Qb7 19. Nd5 Nxd5 20. exd5 Bxd3 21. Qxd3
O-O 22. g3 hxg3 23. f5 Rc8 24. Rg1 Bh4 25. Na5 Qc7 26. Qe4 Bf6 27. Nc6 Nb8 28.
Nxb8 Qxb8 29. Rxg3 Rc4 30. Qg2 Kh8 31. Rg1 Rg8 32. Bg5 Qd8 33. Qf3 g6 34. fxg6
Rxg6 35. Qh5+ Kg7 36. Bh6+ 1-0

[Event "N1 Reykjavik Open 2014"]
[Site "Reykjavik ISL"]
[Date "2014.03.10"]
[Round "8.18"]
[White "Harika, Dronavalli"]
[Black "Arngrimsson, Dagur"]
[Result "1-0"]
[WhiteTitle "GM"]
[BlackTitle "IM"]
[WhiteElo "2487"]
[BlackElo "2382"]
[WhiteFideId "5015197"]
[BlackFideId "2301288"]
[EventDate "2014.03.04"]

1. d4 d5 2. c4 c6 3. Nf3 Nf6 4. Nc3 dxc4 5. a4 Bf5 6. Ne5 Nbd7 7. Nxc4 Nb6 8.
Ne5 a5 9. e3 h6 10. Bd3 Bxd3 11. Nxd3 Nbd5 12. Qb3 Qb6 13. Qxb6 Nxb6 14. e4 e6
15. Ke2 Bb4 16. f3 O-O 17. g4 Rfd8 18. Rd1 Nc4 19. Na2 Be7 20. b3 Na3 21. Ne1 b5
22. Nc3 b4 23. Bxa3 bxa3 24. Nb1 Rab8 25. Rd3 e5 26. dxe5 Nd7 27. Nxa3 Nc5 28.
Rxd8+ Rxd8 29. Rd1 Rb8 30. Nc4 Nxb3 31. Nc2 Nc5 32. Nd4 Rb4 33. Nxa5 Bg5 34.
Naxc6 Rxa4 35. Kf1 Ra2 36. Ne2 Nb3 37. f4 Bh4 38. Ncd4 Nd2+ 39. Kg2 Nxe4 40. Kf3
Nd2+ 41. Ke3 Nc4+ 42. Ke4 Bf2 43. Rc1 Ra4 44. Rc2 Nb6 45. f5 Ra3 46. Nc3 Bg1 47.
h4 Kf8 48. g5 hxg5 49. hxg5 Nc4 50. Nf3 Ba7 51. f6 gxf6 52. gxf6 Ne3 53. Rc1 Ke8
54. Nb5 Ra4+ 55. Kd3 Bb6 56. e6 fxe6 57. Ne5 Kd8 58. Rh1 Kc8 59. f7 1-0

[Event "N1 Reykjavik Open 2014"]
[Site "Reykjavik ISL"]
[Date "2014.03.10"]
[Round "8.20"]
[White "Ekeberg, Carl Fredrik"]
[Black "Grandelius, Nils"]
[Result "1/2-1/2"]
[WhiteTitle "FM"]
[BlackTitle "GM"]
[WhiteElo "2303"]
[BlackElo "2600"]
[WhiteFideId "1502654"]
[BlackFideId "1710400"]
[EventDate "2014.03.04"]

1. d4 Nf6 2. c4 g6 3. Nc3 d5 4. cxd5 Nxd5 5. e4 Nxc3 6. bxc3 Bg7 7. Be3 O-O 8.
Qd2 c5 9. Nf3 Qa5 10. Rc1 Rd8 11. Be2 Nc6 12. d5 e6 13. Bg5 f6 14. Bf4 Qa4 15.
Qc2 Qxc2 16. Rxc2 exd5 17. exd5 Ne7 18. Bc7 Re8 19. Bb5 Nxd5+ 20. Bxe8 Nxc7 21.
Re2 Kf8 22. Ba4 b5 23. Bc2 Be6 24. Bd3 c4 25. Be4 Rb8 26. Nd4 f5 27. Bf3 Bxd4
28. cxd4 Rd8 29. Kd2 b4 30. Rhe1 Rxd4+ 31. Kc1 Ke7 32. Re5 Kd6 33. Ra5 a6 34.
Rd1 Rxd1+ 35. Kxd1 Bd7 36. Be2 Bb5 37. a4 bxa3 38. Rxa3 Nd5 39. Bf3 Nb4 40. Kd2
Nd3 41. Bb7 Nc5 42. Bf3 Nd3 43. Bb7 Nc5 44. Bf3 g5 45. h3 Ke5 46. Kc3 Na4+ 47.
Kb4 Kd4 48. Ra1 Nb2 49. Be2 f4 50. Rc1 h6 51. Rc2 Nd3+ 52. Bxd3 Kxd3 53. Rc3+
Ke2 54. Rc2+ Kf1 55. f3 Kg1 56. Kc3 Kh2 57. Rd2 Kg3 58. Rd6 Kxg2 59. Rxh6 Kxf3
60. Rg6 Kg3 61. Rxg5+ Kxh3 62. Rg7 f3 63. Rg6 f2 64. Rf6 Kg2 65. Rg6+ Kf3 66.
Rf6+ Ke2 67. Re6+ Kf3 68. Rf6+ Kg2 69. Rg6+ Kf1 70. Rf6 a5 71. Rb6 Kg2 72. Rg6+
Kh3 73. Rf6 Kg3 74. Rg6+ Kf4 75. Rf6+ Ke3 76. Re6+ Kf3 77. Rf6+ Ke2 78. Re6+ Kf1
79. Rb6 a4 80. Rxb5 a3 81. Rb8 Ke2 82. Re8+ Kd1 83. Rf8 Ke2 84. Re8+ Kf1 85. Ra8
Ke2 86. Re8+ Kd1 87. Rf8 a2 88. Kb2 c3+ 89. Kxa2 c2 90. Rxf2 c1=Q 91. Rf1+ Kd2
92. Rxc1 Kxc1 1/2-1/2

[Event "N1 Reykjavik Open 2014"]
[Site "Reykjavik ISL"]
[Date "2014.03.11"]
[Round "9.1"]
[White "Li, Chao b"]
[Black "Rapport, Richard"]
[Result "1-0"]
[WhiteTitle "GM"]
[BlackTitle "GM"]
[WhiteElo "2700"]
[BlackElo "2681"]
[WhiteFideId "8604436"]
[BlackFideId "738590"]
[EventDate "2014.03.04"]

1. d4 Nf6 2. c4 g6 3. Nc3 Bg7 4. e4 d6 5. h3 O-O 6. Nf3 Na6 7. Be3 e5 8. d5 Nh5
9. a3 c6 10. b4 c5 11. Nd2 b6 12. Rb1 Bd7 13. g3 Be8 14. b5 Nc7 15. Be2 f5 16.
exf5 Nf4 17. gxf4 exf4 18. Bxf4 Rxf5 19. Bg3 Bxc3 20. O-O a6 21. Bg4 axb5 22.
Ne4 Bd4 23. Bxf5 gxf5 24. Nxd6 Bg6 25. Nxb5 Nxb5 26. Rxb5 Rxa3 27. Rb3 Bh5 28.
Qxh5 Rxb3 29. Kh2 Qf6 30. Qe8+ Qf8 31. Qe6+ Qf7 32. Rg1 Qxe6 33. dxe6 1-0

[Event "N1 Reykjavik Open 2014"]
[Site "Reykjavik ISL"]
[Date "2014.03.11"]
[Round "9.3"]
[White "Van Kampen, Robin"]
[Black "Amin, Bassem"]
[Result "1-0"]
[WhiteTitle "GM"]
[BlackTitle "GM"]
[WhiteElo "2603"]
[BlackElo "2657"]
[WhiteFideId "1020854"]
[BlackFideId "10601457"]
[EventDate "2014.03.04"]

1. e4 e5 2. Nf3 Nc6 3. Bb5 a6 4. Ba4 Nf6 5. O-O Be7 6. Re1 b5 7. Bb3 d6 8. c3
O-O 9. h3 Nb8 10. d4 Nbd7 11. Nbd2 Bb7 12. Bc2 Re8 13. Nf1 Bf8 14. Ng3 g6 15. a4
c5 16. d5 c4 17. Bg5 h6 18. Be3 Nc5 19. Qd2 h5 20. Bxc5 dxc5 21. Nf1 Nd7 22.
Reb1 Nb6 23. Qe3 Nc8 24. g4 hxg4 25. hxg4 Nd6 26. Ng3 Qf6 27. Ne2 Bc8 28. g5 Qh8
29. axb5 Nxb5 30. Ba4 Bd7 31. Nd2 f5 32. Kg2 f4 33. Qf3 Qh4 34. Rh1 Qxg5+ 35.
Kf1 Re7 36. Nxc4 Rae8 37. Bd1 Bc8 38. Ng1 Rh7 39. Rxh7 Kxh7 40. Nb6 Bb7 41. Qh3+
Kg8 42. Bg4 Nd6 43. Nf3 Qd8 44. Be6+ Kg7 45. Kg2 Nxe4 46. Rh1 Rxe6 47. Qh8+ Kf7
48. dxe6+ Ke8 49. Nd7 1-0

[Event "N1 Reykjavik Open 2014"]
[Site "Reykjavik ISL"]
[Date "2014.03.11"]
[Round "9.4"]
[White "Olafsson, Helgi"]
[Black "Kobalia, Mikhail"]
[Result "1-0"]
[WhiteTitle "GM"]
[BlackTitle "GM"]
[WhiteElo "2546"]
[BlackElo "2646"]
[WhiteFideId "2300010"]
[BlackFideId "4119150"]
[EventDate "2014.03.04"]

1. d4 Nf6 2. c4 c5 3. d5 b5 4. cxb5 a6 5. b6 d6 6. Nc3 g6 7. e4 Bg7 8. Nf3 Nbd7
9. Be2 O-O 10. O-O Rb8 11. Bf4 Ne8 12. Rb1 Nxb6 13. Qd2 Nc7 14. h3 Nb5 15. Bh6
Nd4 16. Bxg7 Nxf3+ 17. Bxf3 Kxg7 18. Be2 Nd7 19. a3 a5 20. Bb5 Nf6 21. Rfe1 Qb6
22. e5 Nd7 23. exd6 exd6 24. Bxd7 Bxd7 25. Ne4 Rbe8 26. b4 Rxe4 27. Rxe4 Bf5 28.
Rh4 h5 29. Re1 cxb4 30. axb4 a4 31. g4 1-0

[Event "N1 Reykjavik Open 2014"]
[Site "Reykjavik ISL"]
[Date "2014.03.11"]
[Round "9.8"]
[White "Elsness, Frode"]
[Black "Rozentalis, Eduardas"]
[Result "0-1"]
[WhiteTitle "IM"]
[BlackTitle "GM"]
[WhiteElo "2479"]
[BlackElo "2623"]
[WhiteFideId "1501100"]
[BlackFideId "12800023"]
[EventDate "2014.03.04"]

1. d4 Nf6 2. c4 e6 3. g3 Bb4+ 4. Bd2 a5 5. Bg2 d5 6. Nf3 Nc6 7. O-O O-O 8. Qc2
Ne4 9. Bf4 Bd6 10. Bxd6 Qxd6 11. Nc3 Nxc3 12. bxc3 h6 13. cxd5 exd5 14. c4 Nb4
15. Qc3 dxc4 16. a3 Be6 17. e4 c6 18. Rab1 Na2 19. Qa1 c3 20. d5 cxd5 21. e5
Qxa3 22. Rfc1 Bf5 0-1